<?xml version="1.0" encoding="UTF-8"?>
<record
    xmlns:xsi="http://www.w3.org/2001/XMLSchema-instance"
    xsi:schemaLocation="http://www.loc.gov/MARC21/slim http://www.loc.gov/standards/marcxml/schema/MARC21slim.xsd"
    xmlns="http://www.loc.gov/MARC21/slim">

  <leader>03061cam a2200433   4500500</leader>
  <controlfield tag="005">20260426015839.0</controlfield>
  <datafield tag="041" ind1=" " ind2=" ">
    <subfield code="a">fre</subfield>
  </datafield>
  <datafield tag="042" ind1=" " ind2=" ">
    <subfield code="a">dc</subfield>
  </datafield>
  <datafield tag="100" ind1="1" ind2="0">
    <subfield code="a">Fuks, Paul</subfield>
    <subfield code="e">author</subfield>
  </datafield>
  <datafield tag="245" ind1="0" ind2="0">
    <subfield code="a">Les r&#xEA;ves de porcelaine de Picassiette</subfield>
  </datafield>
  <datafield tag="260" ind1=" " ind2=" ">
    <subfield code="c">2002.
							</subfield>
  </datafield>
  <datafield tag="500" ind1=" " ind2=" ">
    <subfield code="a">98</subfield>
  </datafield>
  <datafield tag="520" ind1=" " ind2=" ">
    <subfield code="a">Un homme a l&#x2019;id&#xE9;e couvrir sa maison de mosa&#xEF;ques faites de bouts d&#x2019;assiettes bris&#xE9;es et inspir&#xE9;es par ses r&#xEA;ves nocturnes. Il y passe le reste de sa vie. Voici donc une suite de r&#xEA;ves s&#x2019;&#xE9;tendant sur pr&#xE8;s de vingt ann&#xE9;es. Deux discours s&#x2019;en d&#xE9;gagent&#xA0;: un discours manifeste&#xA0;: expression de l&#x2019;intention consciente de l&#x2019;artiste r&#xEA;veur et, issu d&#x2019;un travail d&#x2019;interpr&#xE9;tation, un discours latent o&#xF9; peuvent se lire plusieurs niveaux mythologiques. Le plus discret et le plus &#xE9;tonnant peut &#xEA;tre appel&#xE9; le mythe de l&#x2019;assiette bris&#xE9;e. Il s&#x2019;y exprime une angoisse universelle&#xA0;: celle du morcellement. De r&#xEA;ve-mosa&#xEF;que en r&#xEA;ve-mosa&#xEF;que, nous assistons &#xE0; une tentative de gu&#xE9;rison&#xA0;: celle par laquelle le morcel&#xE9; cherche &#xE0; se rassembler, le multiple &#xE0; se r&#xE9;unifier. Un d&#xE9;nouement tragique sera l&#x2019;aboutissement de cette aventure. De nombreux &#xE9;chos dans l&#x2019;histoire des religions, dans l&#x2019;histoire de l&#x2019;art, comme en psychiatrie et en psychanalyse viennent souligner, ind&#xE9;pendamment de son attrait esth&#xE9;tique, la singularit&#xE9; et l&#x2019;importance de cette maison onirique.</subfield>
  </datafield>
  <datafield tag="520" ind1=" " ind2=" ">
    <subfield code="a">The chinaware dreams of Picassiette A man, inspired by his nocturnal dreams, decides to cover his house with mosaics made out of broken pieces of china. He then spends the rest of his life doing so. Consequently, here we have twenty years of dreams. Two kinds of speeches emerge&#xA0;: one is manifest and expresses the conscious intention of the dreaming artist and, out of interpretation, another is latent and delivers different mythological levels. The most discreet and astonishing one could be called the myth of the broken plate. From mosaic dream to mosaic dream, we witness an attempt to heal in which, what is scattered, tries to regroup and, what is multiple, to unify back. This adventure will lead to a tragic ending. Numbers of echoes in the history of religions, art as well as psychiatry and psychoanalysis, underline the uniqueness and importance of this oneiric house.</subfield>
  </datafield>
  <datafield tag="690" ind1=" " ind2=" ">
    <subfield code="a">Brisure</subfield>
  </datafield>
  <datafield tag="690" ind1=" " ind2=" ">
    <subfield code="a">Cicatrice</subfield>
  </datafield>
  <datafield tag="690" ind1=" " ind2=" ">
    <subfield code="a">Division</subfield>
  </datafield>
  <datafield tag="690" ind1=" " ind2=" ">
    <subfield code="a">Images</subfield>
  </datafield>
  <datafield tag="690" ind1=" " ind2=" ">
    <subfield code="a">Morcellement</subfield>
  </datafield>
  <datafield tag="690" ind1=" " ind2=" ">
    <subfield code="a">Mosa&#xEF;que</subfield>
  </datafield>
  <datafield tag="690" ind1=" " ind2=" ">
    <subfield code="a">Multiple</subfield>
  </datafield>
  <datafield tag="690" ind1=" " ind2=" ">
    <subfield code="a">Mythe</subfield>
  </datafield>
  <datafield tag="690" ind1=" " ind2=" ">
    <subfield code="a">R&#xE9;unification</subfield>
  </datafield>
  <datafield tag="690" ind1=" " ind2=" ">
    <subfield code="a">R&#xEA;ves nocturnes</subfield>
  </datafield>
  <datafield tag="690" ind1=" " ind2=" ">
    <subfield code="a">Unit&#xE9;</subfield>
  </datafield>
  <datafield tag="690" ind1=" " ind2=" ">
    <subfield code="a">Breaking</subfield>
  </datafield>
  <datafield tag="690" ind1=" " ind2=" ">
    <subfield code="a">Images</subfield>
  </datafield>
  <datafield tag="690" ind1=" " ind2=" ">
    <subfield code="a">Mosaic</subfield>
  </datafield>
  <datafield tag="690" ind1=" " ind2=" ">
    <subfield code="a">Multiple</subfield>
  </datafield>
  <datafield tag="690" ind1=" " ind2=" ">
    <subfield code="a">Myth</subfield>
  </datafield>
  <datafield tag="690" ind1=" " ind2=" ">
    <subfield code="a">Nocturnal dreams</subfield>
  </datafield>
  <datafield tag="690" ind1=" " ind2=" ">
    <subfield code="a">Scar</subfield>
  </datafield>
  <datafield tag="690" ind1=" " ind2=" ">
    <subfield code="a">Scattering</subfield>
  </datafield>
  <datafield tag="690" ind1=" " ind2=" ">
    <subfield code="a">Split</subfield>
  </datafield>
  <datafield tag="690" ind1=" " ind2=" ">
    <subfield code="a">Unification</subfield>
  </datafield>
  <datafield tag="690" ind1=" " ind2=" ">
    <subfield code="a">Unity</subfield>
  </datafield>
  <datafield tag="786" ind1="0" ind2=" ">
    <subfield code="n">Imaginaire &amp;amp; Inconscient | 5 | 1 | 2002-03-01 | p. 17-29 | 1628-9676</subfield>
  </datafield>
  <datafield tag="856" ind1="4" ind2="1">
    <subfield code="u">https://shs.cairn.info/revue-imaginaire-et-inconscient-2002-1-page-17?lang=fr&amp;redirect-ssocas=7080</subfield>
  </datafield>
  <datafield tag="999" ind1=" " ind2=" ">
    <subfield code="c">2225240</subfield>
    <subfield code="d">2225240</subfield>
  </datafield>
</record>
